000 00296nam a22001337a 4500
008 170922b xxu||||| |||| 00| 0 eng d
020 _a9781413309300
041 _aeng
080 _26TH
_a37
100 _a46
101 _aEDU
245 _aTHE COMPLETE IEP GUIDE
_cLAWRENCE,A
942 _2udc
_cBK
999 _c29075
_d29075